000 00345nam a2200133Ia 4500
008 240624s9999 xx 000 0 und d
041 _aeng
082 _a658.8342 BIJ
100 _aBIJAPURKAR RAMA
245 _aWE ARE LIKE THAT ONLY UNDERSTANDING THE
260 _c2007
_aNew Delhi
_bPenguin Book India
300 _a304 : p.
365 _cRS
_b20
999 _c15789
_d15789